Sociálne nerovnosti v Slovenskej republike

Gespeichert in:
Bibliographische Detailangaben
1. Verfasser: Ošková, Silvia, 1979-
Format: Buchkapitel
Sprache:Slowakisch
Schlagworte:
Tags: Tag hinzufügen
Keine Tags, Fügen Sie das erste Tag hinzu!

MARC

LEADER 00000naa$a2200000$$$4500
001 0061459
005 20240502071705.5
041 0 |a slo 
044 |a SK 
245 1 0 |a Sociálne nerovnosti v Slovenskej republike  |c Silvia Ošková 
610 2 0 |a nerovnosť sociálna 
100 1 |a Ošková, Silvia, 1979-